| 000 | 00529 a2200157 4500 | ||
|---|---|---|---|
| 020 | _a1870582047 (paperback) | ||
| 020 | _a9781870582049 (paperback) | ||
| 090 |
_c5034 _d5034 |
||
| 100 | 1 | _aSha'rawi, Muhammad Mutawalli. | |
| 245 | 1 | 0 |
_aMiracle of the koran / _cMuhammad Mutawalli Sha'rawi, M. Alserougi. |
| 260 |
_a[S.l.] : _bDar Al Taqwa Ltd, _c1989. |
||
| 300 | _a276 p. | ||
| 700 | 1 | _aAlserougi, M. | |
| 856 | 4 | 0 |
_3Amazon.com _uhttp://www.amazon.com/exec/obidos/ASIN/1870582047/chopaconline-20 |
| 942 |
_aNBS _cBK _k297.122 ALS |
||
| 999 |
_c347459 _d347459 |
||